[Event "16th Delhi GM Open 2018"]
[Site "Delhi"]
[Date "2018.01.11"]
[Round "4"]
[White "Naiditsch, Arkadij"]
[Black "Sammed Jaykumar, Shete"]
[Result "1-0"]
[WhiteElo "2701"]
[BlackElo "2337"]
[Annotator "TA"]
[PlyCount "93"]
[EventDate "2018.??.??"]
[EventType "swiss"]
[EventCountry "IND"]
[SourceTitle "playchess.com"]
[Source "ChessBase"]
[SourceQuality "1"]

{[%evp 10,93,0,0,19,20,15,3,9,27,16,20,37,45,62,29,34,25,27,-7,0,0,0,0,0,0,0,0,0,-2,0,-68,0,0,0,0,0,0,3,0,0,0,0,-8,0,0,0,0,52,53,43,59,85,87,95,84,148,141,198,213,210,213,236,218,260,254,307,309,333,332,320,342,327,312,393,393,389,381,587,579,2622,2619,1764,1621,9729,7244]} 1. d4 Nf6 2. Bf4 g6 3. Nc3 d5 4. e3 Bg7 5. h4 (5. Nb5 Na6 6. h3 c6 7. Nc3 Qb6 8. Rb1 O-O 9. Bd3 Nb4 10. Nf3 Nxd3+ 11. cxd3 {½-½ (26) Rapport,R (2707)-Grischuk,A (2772) Riadh 2017}) 5... h5 6. Nf3 {LiveBook: 11 Games. A45: Trompowsky Attack} Bf5 7. Ne5 $146 ({Predecessor:} 7. Bd3 Bxd3 8. Qxd3 c6 9. Ne5 Nbd7 10. f3 Nxe5 11. Bxe5 {1-0 (43) Salomon,J (2498)-Gullaksen,E (2366) Norway 2017}) 7... c6 8. f3 {The position is equal.} Nbd7 9. Qd2 a5 10. O-O-O a4 11. a3 Qa5 12. Kb1 Nxe5 13. Bxe5 b5 14. Be2 O-O 15. Na2 Qxd2 16. Rxd2 Nd7 17. Bxg7 Kxg7 18. Nb4 Rac8 19. Re1 e5 20. Bd3 ({White should play} 20. g4 $11 hxg4 21. fxg4) 20... Bxd3 (20... e4 $15 21. fxe4 Bxe4) 21. cxd3 $11 Rfe8 {Threatening ...exd4.} 22. Rc1 exd4 23. exd4 Nb8 24. b3 axb3 25. Kb2 Re6 26. Nxd5 Rd8 27. Nf4 $1 {[%cal Rf4e6]} Rf6 28. Ne2 Re6 (28... Na6 $11) 29. d5 $36 {[%mdl 2048] White is pushing.} cxd5 ({Don't blunder} 29... Rxd5 $2 30. Nf4 $18) 30. Nd4 Rb6 31. Kxb3 Nd7 32. Rc7 Nf6 (32... Nf8 $142) 33. Re2 $16 {Black must now prevent Ne6+.} Rd7 (33... Ne8 $16 34. Ra7 Kg8) 34. Re7 $18 Rxe7 35. Rxe7 {[%mdl 4096] Endgame KRN-KRN} Rb8 36. Kb4 Rc8 37. Kxb5 Rc3 38. a4 Rxd3 39. Ne6+ Kg8 40. Nc5 Ra3 41. Re2 d4 42. Rd2 Nd5 43. Rxd4 Ne3 (43... Ne7 $142 44. Rd7 Kf8) 44. Rd3 {White is clearly winning.} Rxd3 45. Nxd3 Kg7 46. a5 {[%cal Ba4a5,Ba5a6][%mdl 32]} g5 47. a6 {Precision: White = 81%, Black = 44%.} 1-0

[Event "16th Delhi GM Open 2018"]
[Site "Delhi"]
[Date "2018.01.11"]
[Round "4"]
[White "Gupta, Abhijeet"]
[Black "Deepan Chakkravarthy J."]
[Result "1/2-1/2"]
[WhiteElo "2610"]
[BlackElo "2475"]
[Annotator "TA"]
[PlyCount "107"]
[EventDate "2018.??.??"]
[EventType "swiss"]
[EventCountry "IND"]
[SourceTitle "playchess.com"]
[Source "ChessBase"]
[SourceQuality "1"]

{[%evp 18,107,28,26,38,22,43,41,67,36,67,34,57,57,71,79,70,58,58,28,34,34,35,43,74,71,65,83,76,0,0,0,0,0,0,0,0,0,0,0,0,0,0,0,21,18,12,18,137,142,135,103,102,99,91,41,54,69,63,31,33,56,64,64,80,80,90,0,0,0,0,0,28,0,0,0,0,0,0,0,0,0,0,0,0,0,0,0,0,0,0,0]} 1. d4 Nf6 2. c4 e6 3. Nf3 b6 4. a3 Bb7 5. Nc3 d5 6. Qc2 Be7 7. cxd5 Nxd5 8. e4 Nxc3 9. bxc3 c5 10. Bb5+ Bc6 {E12: Queen's Indian: Unusual White 4th moves, 4 a3, 4 Nc3 Bb7 5 a3 and 4 Nc3 Bb7} 11. Bd3 O-O 12. O-O Bb7 {White is slightly better.} (12... Nd7 13. Bf4 Bb7 14. d5 exd5 15. exd5 Nf6 16. c4 h6 17. Rad1 Bd6 18. Bc1 {1-0 (73) Jovanic,O (2490)-Shevchenko,K (2537) Trieste 2017}) 13. Rd1 (13. d5 $5) 13... Nd7 14. Bf4 $146 ({Predecessor:} 14. Bb2 Qc7 15. Qe2 Rac8 16. Rac1 Rfd8 17. Bb1 Nf6 18. Ne5 {1-0 (26) Kushka,A (2036)-Nabiullin,M Gornozavodsk 2007}) 14... Qc8 15. Qe2 Re8 16. a4 {[%cal Ba3a4,Ba4a5][%mdl 32]} Nf6 17. h3 Rd8 18. a5 c4 19. Bc2 b5 20. Bg5 a6 {[#]} 21. d5 $1 {[%mdl 512]} Qc7 {[%cal Re6d5]} (21... exd5 22. e5) 22. Bxf6 $1 gxf6 23. dxe6 (23. Nd4 $16) 23... fxe6 $11 24. Nd4 Qe5 25. Qg4+ Kh8 $1 26. f4 $1 {[%cal Rf4e5]} f5 27. fxe5 fxg4 28. Nxe6 Rxd1+ 29. Rxd1 Re8 30. hxg4 Bc8 31. Nc7 $1 {[%cal Rc7e8]} Rd8 32. Rd5 Bxg4 (32... Rg8 $11) 33. Nxa6 $16 Ra8 34. Nb4 Rxa5 {Hoping for ...Bxb4.} 35. Nc6 Ra1+ 36. Kh2 Bh4 37. Nd4 Re1 38. g3 ({But not} 38. Nxb5 Re3 $15) 38... Bg5 {next ...Be3 is good for Black.} 39. Rxb5 Be3 40. Rb1 $1 {[%cal Rb1e1]} Rxb1 41. Bxb1 $14 {[%mdl 4096] Endgame KBB-KBN} Bd2 {[#]} 42. Nb5 (42. Nf5 $1 $16) 42... Bd7 $11 43. Nc7 {Threatens to win with e6.} Bxc3 44. e6 Bc6 45. Kh3 {And now e7 would win.} Kg7 {The position is equal.} 46. Nd5 Be5 47. Kg4 Bxd5 48. exd5 {KB-KB} h5+ 49. Kf5 Bxg3 50. Ba2 Bd6 51. Bxc4 h4 52. Bf1 Kf8 53. Kf6 Ba3 54. Bh3 {Precision: White = 69%, Black = 63%.} 1/2-1/2

[Event "16th Delhi GM Open 2018"]
[Site "Delhi"]
[Date "2018.01.11"]
[Round "4"]
[White "Tiviakov, Sergei"]
[Black "Rathnakaran, K.."]
[Result "1-0"]
[WhiteElo "2584"]
[BlackElo "2372"]
[Annotator "TA"]
[PlyCount "74"]
[EventDate "2018.??.??"]
[EventType "swiss"]
[EventCountry "IND"]
[SourceTitle "playchess.com"]
[Source "ChessBase"]
[SourceQuality "1"]

{[%evp 30,74,51,35,39,26,34,18,25,23,47,40,64,61,66,57,73,64,147,154,147,107,144,135,218,225,216,221,219,209,222,214,238,156,205,215,217,231,200,206,200,199,257,228,231,-29999,289]} 1. e4 e6 2. d4 d5 3. Nd2 Nf6 4. e5 Nfd7 5. c3 c5 6. Bd3 Nc6 7. Ne2 cxd4 8. cxd4 f6 9. exf6 Nxf6 10. O-O Bd6 11. Nf3 Qc7 12. Bd2 O-O {C06: French Tarrasch: 3...Nf6 4 e5 Nfd7 5 Bd3 main lines} 13. Rc1 (13. Ng3 Qb6 14. Bc3 Bd7 15. a3 a5 16. Qd2 a4 17. Rae1 Na5 18. Ng5 Rfe8 19. Qc2 h6 20. Nh7 Nxh7 21. Bxh7+ {1-0 (70) Salgado Lopez,I (2615)-Arribas Lopez,A (2559) Linares 2015}) 13... Bd7 14. Nc3 a6 15. Re1 Rae8 16. Ne5 {LiveBook: 3 Games} Qb8 {[%cal Rc6e5]} 17. Bf4 Re7 $146 ({Find the theoretical novelty and annotate with similar games:} 17... Rc8 18. Bc2 Be8 19. a3 b5 20. Qd3 Qa7 21. Nxc6 Rxc6 22. Bxd6 Rxd6 {½-½ (47) Reisinger,G (2238)-Duben,I (2136) ICCF email 2000}) 18. Bg3 Be8 19. Bb1 Bc7 20. Qd3 Nb4 21. Qe3 $36 {[%mdl 2048] White has some pressure.} Nc6 22. Rcd1 Bh5 23. f3 Bxe5 ({Better is} 23... Nxe5 $14 24. Bxe5 (24. dxe5 Nd7 $11) 24... Bxe5 25. Qxe5 (25. dxe5 Nd7 $14) 25... Qxe5 26. Rxe5 Bf7) 24. dxe5 $16 {[%cal Bd4e5,Be5e6][%mdl 32]} Nd7 25. Ne2 Be8 26. Nf4 g5 {[#]} (26... Qc7 $16 {was worth a try.}) 27. Nxd5 $1 $18 {[%mdl 512]} exd5 28. e6 Rf4 29. Rxd5 h6 30. Bxf4 gxf4 31. Qd2 Nf8 {[#]} 32. Rd6 $1 Na7 33. Bf5 ({Not} 33. Qxf4 Nb5 $11) 33... Qc7 {intending ...Qc5+.} 34. Kh1 ({Inferior is} 34. Qxf4 Nb5 $15) 34... Nc6 35. Qxf4 Bg6 (35... Qa5 $142 36. Ra1 Nh7) 36. Bh3 Qa5 {[%cal Ra5e1]} 37. Bf5 $4 {[%mdl 8192]} (37. Qg3 $18) 37... Qc7 $4 {[%mdl 8192] Precision: White = 73%, Black = 42%.} (37... Qxe1# {NOTEXT}) 1-0

[Event "16th Delhi GM Open 2018"]
[Site "Delhi"]
[Date "2018.01.11"]
[Round "4"]
[White "Solodovnichenko, Yuri"]
[Black "Arjun Kalyan"]
[Result "1/2-1/2"]
[WhiteElo "2571"]
[BlackElo "2407"]
[Annotator "TA"]
[PlyCount "209"]
[EventDate "2018.??.??"]
[EventType "swiss"]
[EventCountry "IND"]
[SourceTitle "playchess.com"]
[Source "ChessBase"]
[SourceQuality "1"]

{[%evp 39,209,14,23,29,27,35,34,0,0,-53,-61,-52,-52,-42,-43,-51,0,0,0,-50,-51,-33,-39,-37,-27,-38,-33,-42,-40,-70,-64,-58,-49,-56,-58,-90,-81,-93,-90,-114,-4,-59,-44,-44,-51,-46,-50,-43,-41,-39,-5,-5,-5,-5,-5,-5,-5,-4,-4,-12,-12,-12,-5,-5,-5,-5,-5,-12,-5,-5,-5,-5,-5,-5,0,0,0,0,0,0,0,0,0,0,0,0,0,0,0,0,0,0,0,0,0,0,0,0,0,0,0,0,0,0,0,0,0,0,0,0,0,0,0,0,0,0,0,0,0,0,0,0,0,0,0,0,0,0,0,0,0,0,0,0,0,0,0,0,0,0,0,0,0,0,0,0,0,0,0,0,0,0,0,0,0,0,0,0,0,0,0,0,0,0,0,0,0,0,0,0,0,0]} 1. e4 e5 2. Nf3 Nc6 3. Bb5 a6 4. Ba4 Nf6 5. O-O Be7 6. Re1 b5 7. Bb3 d6 8. c3 O-O 9. h3 Nb8 10. d4 Nbd7 11. Nbd2 Bb7 12. Bc2 Re8 13. Nf1 Bf8 14. Ng3 g6 15. Bg5 h6 16. Bd2 Bg7 17. a4 Nb6 {C95: Closed Ruy Lopez: Breyer Variation with 10 d4} 18. b3 (18. Qc1 Kh7 19. b3 bxa4 20. bxa4 a5 21. dxe5 dxe5 22. Bb3 Qe7 23. Be3 Nfd7 24. h4 Ba6 25. h5 {1-0 (59) Yu,Y (2738)-Piorun,K (2651) Caleta 2017}) 18... bxa4 19. bxa4 a5 20. Bd3 Qc8 {LiveBook: 3 Games} 21. Qc1 Kh7 {[#]} 22. dxe5 $146 ({Find the theoretical novelty and annotate with similar games:} 22. d5 c6 23. c4 Nfd7 24. Be3 Ba6 25. Bf1 {0-1 (55) Delchev,A (2596)-Miron,L (2511) Ordu 2016}) 22... dxe5 23. Be3 Ba6 24. Bb5 ({White should try} 24. Bxa6 $11 Qxa6 25. Bxb6 cxb6 26. Rb1) 24... Bxb5 $15 25. axb5 Nc4 26. Ra4 Qe6 27. Nd2 Nb6 (27... Nxe3 $15 28. Rxe3 Red8) 28. Ra1 $11 Nc4 29. Qc2 Reb8 30. Nxc4 Qxc4 31. Ra4 Qxb5 32. Rea1 Qb3 33. Qc1 Rd8 34. Nf1 Rd3 35. R1a3 Qb7 36. Qc2 Rad8 37. Nd2 Qc6 38. Rc4 Qe6 39. Raa4 {[#]} Qd7 (39... c6 $1 $17 40. Kh2 Bf8) 40. Rxa5 {[#]} (40. Nf3 $11) 40... Rxe3 $1 $15 {[%mdl 512]} 41. fxe3 {And now Nf3 would win.} Qxd2 42. Qxd2 Rxd2 43. Rxc7 Rd1+ 44. Kh2 Rd7 45. Rxd7 {The position is equal.} Nxd7 46. Ra7 Nc5 {White should prevent ...Kg8.} 47. Rxf7 Nxe4 48. Rc7 {Hoping for c4.} Kg8 49. g3 Bf8 50. Kg2 Bd6 51. Rc4 Nc5 52. e4 Kf7 53. Kf3 h5 54. h4 Ne6 55. Rc6 Bc5 56. g4 Be7 57. g5 Bc5 58. Rc8 Bd6 59. Ra8 Nf4 60. Ra7+ Ke6 61. Ra8 Kd7 62. Ra6 Bc5 63. Ra8 Kc6 64. Rc8+ Kb5 65. Re8 Bd6 66. Rc8 Kb6 67. Re8 Bc7 68. Rg8 Kb7 69. Re8 Kc6 70. Rg8 Kd7 71. Ra8 Kc6 72. Re8 Kb5 73. Re7 Bd6 74. Rd7 Kc6 75. Rg7 $1 Ba3 76. Ra7 Bc5 (76... Bd6 {NOTEXT} 77. Ra6+ Kd7 78. Ra7+ Ke6) 77. Ra8 Bb6 78. Rc8+ Kd7 79. Ra8 Bd8 80. Ra7+ Kc6 81. Ra8 Kc7 82. Ra5 Kd6 83. Ra6+ Kc5 84. Ra8 Bc7 85. Rc8 Kc6 86. Rg8 Ba5 87. Ra8 Kb5 88. Rc8 $1 Kb6 89. Rb8+ Ka7 90. Rc8 {aiming for Rc5.} Kb7 91. Rc5 Bc7 92. Rc4 Ne6 93. Ra4 Nc5 94. Ra1 Bb6 95. Rd1 {Threatens to win with Rd6.} Kc6 96. Ra1 Kb7 97. Rd1 {Strongly threatening Rd6.} Bc7 98. Ra1 Nd3 99. Ke3 Nf4 100. Kf3 Bb6 101. Ra2 Bc5 102. Rb2+ Kc7 103. Rb5 Kc6 104. Rb8 Ba3 105. Ra8 {Precision: White = 72%, Black = 72%.} 1/2-1/2

[Event "16th Delhi GM Open 2018"]
[Site "Delhi"]
[Date "2018.01.11"]
[Round "4"]
[White "Sivuk, Vitaly"]
[Black "Aronyak Ghosh"]
[Result "1/2-1/2"]
[WhiteElo "2550"]
[BlackElo "2309"]
[Annotator "TA"]
[PlyCount "112"]
[EventDate "2018.??.??"]
[EventType "swiss"]
[EventCountry "IND"]
[SourceTitle "playchess.com"]
[Source "ChessBase"]
[SourceQuality "1"]

{[%evp 24,112,41,35,61,54,58,60,53,58,76,3,0,-1166,-439,-542,77,3,40,27,42,0,115,0,36,0,18,22,20,0,18,-43,27,0,0,0,26,0,21,-68,460,0,18,-63,-58,-70,-75,-237,-240,-245,-244,-247,-244,-281,-295,-331,-329,-360,-355,-418,-404,-454,-425,-415,-335,-335,-329,-331,-336,-337,-333,-346,-347,-343,-259,-343,-343,-336,-283,-288,-287,-386,-369,-354,-361,-354,-322,-318,-230,-232,-160]} 1. e4 c5 2. Nf3 d6 3. d4 cxd4 4. Nxd4 Nf6 5. f3 e5 6. Nb3 d5 7. Bg5 Be6 8. Bxf6 gxf6 9. exd5 Qxd5 10. Qxd5 Bxd5 11. Nc3 Be6 12. O-O-O {B55: Sicilian: 2...d6 3 d4 cxd4 4 Nxd4 Nf6 5 f3} Nc6 13. Bb5 {LiveBook: 13 Games} Bh6+ (13... Rc8 14. Nd5 f5 15. Na5 Bh6+ 16. Kb1 Kf8 17. Nb3 Kg7 18. Rhe1 Rhd8 19. Nc3 Rxd1+ 20. Nxd1 {0-1 (56) Harikrishna,P (2758)-Giri,A (2769) Shenzhen 2017}) 14. Kb1 {White is slightly better.} Ke7 15. Nd5+ Bxd5 $1 16. Rxd5 Rhd8 17. Rhd1 $146 (17. Rxd8 $16 Rxd8 18. Bd3) ({Predecessor:} 17. Rxd8 Rxd8 18. Bd3 Rh8 19. Rd1 b6 {½-½ (39) Kasparov,S (2487)-Schachinger,M (2351) Graz 2009}) 17... Rxd5 $11 18. Rd3 $2 {[%mdl 8192]} (18. Rxd5 $11 Be3 19. c3) 18... Rd4 (18... Rxb5 $142 19. g3 Nb4) 19. Rxd4 Rb8 $2 (19... exd4 $19 20. Bxc6 bxc6 21. Nxd4 Kd7) 20. Rd5 (20. Rh4 $16 Be3 21. Bxc6 (21. Rxh7 Rg8 $14)) 20... Rc8 21. c3 Be3 22. Bd3 Bh6 (22... h5 $11) 23. Bb5 ({White should play} 23. Bf5 $16 Rc7 24. Rd1 (24. Bxh7 Ke6 $16)) 23... Be3 $14 24. Bd3 Ke6 25. Bc4 {And now Rd8+ would win.} Ke7 26. Rd3 Bb6 27. Rd5 (27. Rd1 $11) 27... Be3 (27... Nb4 $15 28. Rb5 Rxc4 29. Rxb4 Rxb4 30. cxb4 Bg1) 28. Bd3 Ke6 29. Bc4 {Rd8+ is the strong threat.} Ke7 30. Rd3 Bb6 31. Nd2 {[#]} ({Better is} 31. Rd1 $11) 31... Be3 $2 {[%mdl 8192]} (31... e4 $1 $15 {[%mdl 512] stays ahead.} 32. Rd5 (32. Nxe4 Ne5) 32... e3) 32. Nb3 $2 (32. Rxe3 $18 f5 33. g4) 32... Bb6 $11 33. Nd2 {[#]} (33. Rd1 $11) 33... e4 $1 $36 {[%cal Re4d3][%mdl 2560] Black has the initiative.} 34. Rd5 (34. Nxe4 Ne5) 34... e3 $1 {White must now prevent ...Nb4!} 35. Ne4 $2 {[#]} (35. Nf1 $17) 35... Nd4 $1 $19 36. Bd3 e2 37. Bxe2 Nxe2 38. Rf5 Rc6 39. g3 Ng1 40. Kc2 Re6 41. Nd2 Re2 42. Kd3 Rxh2 43. Rb5 Kd7 44. a4 Kc6 45. Rf5 Bd8 46. b4 Nh3 47. Nb3 Ng5 48. Nd4+ Kd6 49. Nb5+ Ke6 50. Nd4+ Ke7 51. Rb5 {[#]} b6 $1 52. Nc6+ Kd7 53. Nxa7 Nxf3 54. Rd5+ Ke8 55. Kc4 Ne5+ 56. Kb5 Rg2 {Precision: White = 28%, Black = 63%.} 1/2-1/2

[Event "16th Delhi GM Open 2018"]
[Site "Delhi"]
[Date "2018.01.11"]
[Round "4"]
[White "Lalith Babu M R"]
[Black "Navalgund, Niranjan"]
[Result "1/2-1/2"]
[WhiteElo "2542"]
[BlackElo "2312"]
[Annotator "TA"]
[PlyCount "86"]
[EventDate "2018.??.??"]
[EventType "swiss"]
[EventCountry "IND"]
[SourceTitle "playchess.com"]
[Source "ChessBase"]
[SourceQuality "1"]

{[%evp 20,86,19,29,32,45,39,35,26,42,33,34,52,21,33,-16,-16,-16,-16,-16,-16,-169,0,0,0,-149,0,0,0,-15,-15,-15,-13,-13,-21,-33,-7,-25,0,0,0,-16,-18,-42,-42,-42,36,-7,0,-42,36,-8,0,-47,-20,-48,0,0,0,0,0,0,0,0,0,0,0,-7,0]} 1. d4 d5 2. Nf3 Nf6 3. c4 c6 4. Nc3 dxc4 5. a4 Bf5 6. Ne5 Qc7 7. Nxc4 Nbd7 8. g3 e5 9. dxe5 Nxe5 10. Bf4 Nfd7 11. Bg2 g5 {D17: Slav Defence: 5 a4 Bf5: Lines with 6 Nh4 and 6 Ne5} 12. Nxe5 gxf4 13. Nxd7 O-O-O {White is slightly better.} 14. Qd4 $1 {[%csl LRa7,LRf4,LRh8]} Qxd7 15. Qxf4 Bd6 16. Qe3 (16. Qc1 Be5 17. O-O Qd2 18. Rd1 Qxc1 19. Raxc1 Rxd1+ 20. Nxd1 {1-0 (48) Yu,Y (2751)-Mamedov,R (2709) Huaian 2017}) 16... Rhe8 17. Qd4 Be5 18. Qxd7+ Rxd7 19. Rd1 Red8 $146 {[#] aiming for ...Bxc3+.} 20. Ra1 $2 (20. Rxd7 $11 Rxd7 21. Rf1) 20... Re8 {[%mdl 1024] Black has strong compensation.} 21. Rd1 Red8 {Threatens to win with ...Bxc3+.} 22. Ra1 Re8 (22... Rd2 $17 23. O-O Rxb2) 23. Rd1 $11 Red8 {[#] ...Bxc3+ is the strong threat.} 24. Rxd7 Rxd7 25. f4 Bd4 26. Rf1 a5 27. Rf3 Kc7 28. h3 h5 29. e4 Be6 30. Kd2 f5 31. exf5 Bxf5 32. Kc1 Be6 (32... Bc5 $15) 33. Kd2 (33. f5 $5 {[%cal Rf5e6]} Bf7 34. Kc2 $14) 33... Bf5 34. Kc1 Be6 (34... Bc5 $15) 35. Kd2 Bf5 36. Kc1 Kb6 37. Bf1 Kc5 38. Ne2 {The position is equal.} Bf6 39. Nc3 Bd4 40. Ne2 Bf6 41. Nc3 Bd4 42. Ne2 Bf6 43. Nc3 Bd4 {Precision: White = 56%, Black = 48%.} 1/2-1/2

[Event "16th Delhi GM Open 2018"]
[Site "Delhi"]
[Date "2018.01.11"]
[Round "4"]
[White "Karthikeyan, P.."]
[Black "Aradhya, Garg"]
[Result "1-0"]
[WhiteElo "2497"]
[BlackElo "2289"]
[Annotator "TA"]
[PlyCount "74"]
[EventDate "2018.??.??"]
[EventType "swiss"]
[EventCountry "IND"]
[SourceTitle "playchess.com"]
[Source "ChessBase"]
[SourceQuality "1"]

{[%evp 27,74,0,28,35,30,35,52,-490,0,0,48,50,42,30,53,36,35,36,30,25,31,14,21,16,29,31,29,12,46,32,58,30,57,55,63,29,25,38,74,-410,9,0,76,33,37,-469,79,0,22]} 1. d4 d5 2. c4 e6 3. Nf3 Nf6 4. Bg5 Ng8 5. Bc1 Nf6 6. Bg5 Nbd7 7. Bc1 Nb8 8. Bg5 Nbd7 9. Nc3 c6 10. e3 Qa5 11. cxd5 Nxd5 12. Rc1 N5f6 (12... Nxc3 13. bxc3 Ba3 14. Rc2 b6 15. Be2 Ba6 16. O-O Bxe2 17. Rxe2 O-O 18. Qc2 Rfe8 19. Rd1 Rac8 {1-0 (37) Yu,Y (2751)-Dreev,A (2653) Riadh 2017}) 13. Ra1 Nd5 14. Rc1 {D52: Queen's Gambit Declined: Cambridge Springs Variation} e5 {LiveBook: 3 Games} 15. Bd3 {[#]} h6 $146 ({Predecessor:} 15... Nxc3 16. bxc3 Ba3 17. Rc2 O-O 18. O-O Re8 19. e4 b6 20. Re1 Ba6 21. Bxa6 Qxa6 {1-0 (55) Vishnu,P (2469)-Adly,A (2607) Kolkata 2012}) 16. Bh4 {White has an edge.} Be7 17. Bg5 $2 {[%mdl 8192] [#]} (17. O-O $1 $14 {was forced to keep a grip.}) 17... Bf8 $2 ({Weaker is} 17... Bxg5 18. O-O $19) (17... hxg5 $19 18. Qa4 Qxa4 19. Nxa4 g4 20. Nxe5 Nxe5 21. dxe5 {[#]} g3 $1 {[%mdl 512]} 22. fxg3 Bg5) 18. Bh4 $14 Be7 19. Bxe7 Nxe7 20. O-O O-O 21. Bb1 exd4 22. Nxd4 Nf6 23. h3 Ned5 24. Nce2 Re8 25. Ng3 Qc7 26. Qf3 Qe5 27. a3 g6 28. Rfd1 h5 29. Nf1 a5 30. Nd2 Nb6 31. N2b3 a4 32. Nc5 Kg7 33. Ncb3 $2 {[%mdl 8192]} (33. e4 $16 {stays on course.}) 33... Kg8 $2 (33... axb3 $19 34. Qe2 Be6) 34. Nc5 (34. Nd2 $11) 34... Kg7 $16 35. Ba2 Nbd7 36. Bb1 $2 {[%mdl 8192]} (36. Nd3 $14 {stays ahead.} Qg5 37. Qe2) 36... Nb6 $2 ({Black should try} 36... Nxc5 $19 37. Qe2 Ra5) 37. Ba2 (37. e4 $16) 37... Nbd7 {[%mdl 32768] Precision: White = 32%, Black = 38%. . Loss on Time!?} 1-0

[Event "16th Delhi GM Open 2018"]
[Site "Delhi"]
[Date "2018.01.11"]
[Round "4"]
[White "Horvath, Adam"]
[Black "Lokesh, N.."]
[Result "1/2-1/2"]
[WhiteElo "2484"]
[BlackElo "2200"]
[Annotator "TA"]
[PlyCount "60"]
[EventDate "2018.??.??"]
[EventType "swiss"]
[EventCountry "IND"]
[SourceTitle "playchess.com"]
[Source "ChessBase"]
[SourceQuality "1"]

{[%evp 20,60,22,7,10,0,0,0,95,0,0,0,0,-15,-7,-46,0,0,2,-50,0,0,0,-36,0,0,0,-28,-32,-58,-34,-23,0,-60,0,-15,0,-40,0,-39,0,-39,0]} 1. e4 e5 2. Bc4 Nf6 3. d3 c6 4. Nf3 d5 5. Bb3 Bd6 6. exd5 Nxd5 {C24: Bishop's Opening: 2...Nf6} 7. O-O O-O 8. Re1 Nd7 9. Rf1 Nb8 10. Re1 Nd7 11. Nbd2 {LiveBook: 19 Games} Bc7 12. h3 Re8 13. Ne4 Rf8 (13... h6 $11) 14. Ned2 ({Better is} 14. Bg5 $16 f6 15. Bd2) 14... Re8 $11 15. Ne4 h6 16. Bd2 Nf8 {[#]} 17. Bc1 $146 ({Find the theoretical novelty and annotate with similar games:} 17. Nh2 f5 18. Qh5 {1-0 (27) Nevednichy,V (2558)-Beliavsky,A (2641) Plovdiv 2008}) 17... Nd7 18. Bd2 Nf8 19. Bc1 ({White should try} 19. Ng3 $11) 19... Nd7 20. Bd2 Nf8 21. Bc1 Nd7 22. Bd2 Nf8 {[%cal Bd7f8,Bf8g6,Bg6h4][%mdl 32]} 23. c3 Ng6 24. Qc2 Nh4 {[#] Threatens to win with ...Nxf3+.} 25. Qd1 Ng6 26. Qc2 Nh4 27. Qd1 Ng6 28. Qc2 Nh4 {[#] ...Nxf3+ is the strong threat.} 29. Qd1 Ng6 30. Qc2 Nh4 {Precision: White = 46%, Black = 42%.} 1/2-1/2

[Event "16th Delhi GM Open 2018"]
[Site "Delhi"]
[Date "2018.01.11"]
[Round "4"]
[White "Rahman, Ziaur"]
[Black "Tran, Tuan Minh"]
[Result "1-0"]
[WhiteElo "2472"]
[BlackElo "2548"]
[Annotator "TA"]
[PlyCount "85"]
[EventDate "2018.??.??"]
[EventType "swiss"]
[EventCountry "IND"]
[SourceTitle "playchess.com"]
[Source "ChessBase"]
[SourceQuality "1"]

{[%evp 9,85,-4,0,0,16,14,22,-13,0,-22,0,-62,-58,-65,-68,-60,-58,-95,-78,-71,-72,-96,-74,-61,0,-12,-1,-32,10,0,21,0,0,0,0,0,34,45,33,34,33,-16,0,16,52,52,54,35,54,54,54,60,56,54,54,56,141,82,141,0,126,0,156,158,256,171,616,629,583,550,548,551,583,571,540,532,874,866]} 1. d4 Nf6 2. Bg5 e6 {[%cal Be7e6,Be6e5,Be5e4][%mdl 32]} 3. Nd2 c5 4. e3 d5 5. c3 Nc6 (5... h6 6. Bh4 Nc6 7. Bd3 e5 8. dxe5 Nxe5 9. Bb5+ Bd7 10. Bxd7+ Nexd7 11. Ngf3 Be7 12. Qc2 O-O {0-1 (31) Bosiocic,M (2624)-Nepomniachtchi,I (2729) Riadh 2017}) 6. Bd3 {D00: 1 d4 d5: Unusual lines} Qb6 7. Rb1 e5 8. Bxf6 $146 {The position is equal.} ({Predecessor:} 8. dxe5 Nxe5 9. Bc2 Bg4 10. Ngf3 Be7 11. h3 Nxf3+ 12. Nxf3 Be6 {½-½ (71) Soto Hernandez,H (2437)-Espinosa Veloz,E (2515) Matanzas 2017}) 8... gxf6 9. Ne2 cxd4 10. exd4 (10. cxd4 $11 Be6 11. O-O) 10... Be6 $15 11. O-O e4 12. Bc2 f5 13. f4 Bd6 14. Kh1 Ne7 15. b3 Rc8 16. c4 {With the idea c5.} Qd8 {Threatening ...b6.} 17. c5 Bc7 18. b4 Ng6 19. Rb3 Qf6 20. Rh3 h5 21. Nb1 {[%cal Bd2b1,Bb1c3,Bc3d1,Bd1e3][%mdl 32]} h4 22. Nbc3 O-O 23. Bb3 Rfd8 24. Qd2 b6 25. Nd1 bxc5 26. bxc5 Rb8 27. Ne3 a5 28. g3 hxg3 29. hxg3 Kg7 $1 30. Kg2 Rh8 31. Rfh1 {Black must now prevent Rxh8.} Rxh3 32. Rxh3 Qd8 ({Better is} 32... Ne7 $14) 33. Rh1 (33. Rh5 $142) 33... Rb4 (33... Ne7 $142) 34. Rh3 Rb8 $1 35. Rh1 Rb4 $1 36. Nc3 $36 {[%mdl 2048] White is on the roll.} Ne7 (36... a4 $16 {keeps fighting.}) 37. Qd1 a4 $2 (37... Qg8 38. Qh5 (38. Nexd5 Nxd5 39. Bxd5 Rb2+ 40. Kf1 Kf8 $11) 38... Kf8) 38. Qh5 $18 {[#] Threatening mate with Qh6+.White is clearly winning.} Ng6 39. Qh6+ Kg8 40. Bxd5 Rb2+ 41. Kg1 Qf6 42. Bxe6 Qxe6 43. Qg5 {Precision: White = 59%, Black = 46%.} 1-0